00390nam a2200097Ia 4500008004100000040002900041050002700070100002800097245013300125260003400258230222s9999||||xx |||||||||||||| ||und|| cChuka University Library aTHE LB 2903 bM36 2015 aManyara, Zipporah Kinya 0aInfluence of work conditions on job satisfaction among non-teaching staff in secondary schools in Imenti south sub-county, Kenya aChuka UniversitybChukac2015